Subdivisions of Barbados - Statistics

General Stats
  • This quiz has been taken 8 times
  • The average score is 6 of 11
Answer Stats
Answer % Correct
Saint John
100%
Saint Peter
83%
Saint Andrew
67%
Saint George
67%
Saint James
50%
Saint Lucy
50%
Saint Philip
50%
Christ Church
33%
Saint Thomas
33%
Saint Joseph
17%
Saint Michael
17%
No matching quizzes found
Score Distribution
Percent of People with Each Score
Percentile by Number Answered
Your Score History
You have not taken this quiz